São Paulo - Culture générale - Statistiques

Statistiques générales
  • Ce quiz a été pris 95 fois
  • Le résultat moyen est 10 sur 15
Statistiques - réponses
Information Réponse % Correct
Pays dont elle est la plus grande ville Brésil
100%
Nom de la ville si on le traduit littéralement en français Saint-Paul
100%
Pays qui a fondé la ville en 1554 Portugal
98%
Océan qui borde la ville Océan Atlantique
97%
Pays d'Asie dont la plus grande partie de la diaspora se trouve ici. Ils ont notamment apporté leur gastronomie à base de poisson cru avec eux. Japon
78%
Ancien joueur du Barça, du PSG et de Santos et meilleur buteur de l'histoire de sa sélection. Il est né dans la banlieue de São Paulo Neymar
77%
Moyen de transport très utilisé par les plus riches pour éviter la route et ses embouteillages fréquents Hélicoptère
76%
Défilé au mois de juin qui voit défilé plus de drapeau arc-en-ciel que nulle part ailleurs Marche des fiertés
71%
Pilote de F1, triple champion du monde né à São Paulo Ayrton Senna
70%
Denrée qui participa grandement à la richesse initiale de la ville Café
57%
Cocktail à base de cachaça et de citron vert qui aurait été inventé à São Paulo Caïpirinha
55%
Citez l'un des 3 plus gros club de football basé dans la ville Corinthians / Palmeiras / São Paulo FC
48%
Nom donné à ses habitants Pauliste
26%
Nom du Central Park de São Paulo Parc d'Ibirapuera
22%
Fleuve long de 1150km qui traverse la mégapole Rio Tietê
17%
Aucun quiz correspondant
Distribution des résultats
% des personnes avec chaque résultat
Percentile par nombre de réponses
Votre historique - résultats
Vous n’avez pas pris ce quiz